[Event "London Golders Green op U2200 5th"]
[Site "London"]
[Date "2015.01.18"]
[Round "4"]
[White "Bolt, Graham"]
[Black "Sagues, Vincent"]
[Result "1/2-1/2"]
[WhiteElo "2001"]
[BlackElo "1923"]
[PlyCount "65"]
[EventDate "2015.01.17"]
[EventType "swiss"]
[EventRounds "5"]
[EventCountry "ENG"]
[SourceTitle "EXT 2018"]
[Source "ChessBase"]
[SourceDate "2017.10.13"]
[SourceVersion "1"]
[SourceVersionDate "2017.10.13"]
[SourceQuality "1"]

1. g3 d5 2. Bg2 e5 3. d3 Nf6 4. Nd2 Nc6 5. a3 Be7 6. e3 Bg4 7. Ne2 Qd7 8. h3 Be6 9. b4 a6 10. Bb2 0-0 11. Nf3 Bd6 12. Kf1 h6 13. Kg1 Nh7 14. Rc1 b5 15. h4 Nf6 16. d4 e4 17. Ne5 Bxe5 18. dxe5 Ng4 19. Nf4 Ngxe5 20. Nxe6 Qxe6 21. Bc3 Nc4 22. Ra1 N6e5 23. Qd4 f6 24. Kf1 c6 25. Bh3 Qe7 26. Bf5 Nf3 27. Qd1 Nd6 28. Bg4 Ne5 29. Be2 Ndc4 30. Kg2 Rfd8 31. Bd4 a5 32. Bc5 Qb7 33. Qd4 1/2-1/2